Всегда говори "Всегда": роман
| Main Author: | |
|---|---|
| Summary: | Она была уверена в себе, в жизни, в своем муже, который казался ей лучшим из людей! Все изменилось в одночасье. Придуманный мир, такой милый и уютный, рухнул ей на голову, и она не успела спастись! Впрочем, она и не пыталась, ибо доверяла и любила, и ей даже в голову не приходило спасаться от тех, кого любит! Ей предстоит выбраться из-под обломков и обнаружить, что цветущий сад, в котором она жила, превратился в груду дымящихся развалин!.. Но в трудностях рождается характер! Она найдет в себе силы начать все сначала. Она обретет новые точки опоры. Она узнает истинную цену словам и поступкам. Она станет сильной, а это совсем не легко!.. Может быть, ее новая жизнь и не будет похожа на цветущий сад, зато уж точно это настоящая жизнь. И мужчина рядом окажется самым настоящим, а не фальшивой картонной подделкой! |
| Language: | Russian |
| Published: |
Москва, Эксмо, 2010
|
| Series: | Первая среди лучших |
| Subjects: | |
| Format: | Book |
| KOHA link: | https://koha.lib.tpu.ru/cgi-bin/koha/opac-detail.pl?biblionumber=671999 |
MARC
| LEADER | 00000nam0a2200000 4500 | ||
|---|---|---|---|
| 001 | 671999 | ||
| 005 | 20240624095317.0 | ||
| 010 | |a 978-5-699-40843-6 | ||
| 090 | |a 671999 | ||
| 100 | |a 20240403d2010 m||y0rusy50 ca | ||
| 101 | 0 | |a rus | |
| 102 | |a RU | ||
| 105 | |a y z 000ay | ||
| 181 | 0 | |a i |b e | |
| 182 | 0 | |a n | |
| 183 | 0 | |a nc |2 RDAcarrier | |
| 200 | 1 | |a Всегда говори "Всегда" |e роман |f Татьяна Устинова | |
| 203 | |a Текст |b визуальный |c непосредственный | ||
| 210 | |a Москва |c Эксмо |d 2010 | ||
| 215 | |a 348 с. | ||
| 225 | 1 | |a Первая среди лучших | |
| 283 | |a volume |2 RDAcarrier | ||
| 330 | |a Она была уверена в себе, в жизни, в своем муже, который казался ей лучшим из людей! Все изменилось в одночасье. Придуманный мир, такой милый и уютный, рухнул ей на голову, и она не успела спастись! Впрочем, она и не пыталась, ибо доверяла и любила, и ей даже в голову не приходило спасаться от тех, кого любит! Ей предстоит выбраться из-под обломков и обнаружить, что цветущий сад, в котором она жила, превратился в груду дымящихся развалин!.. Но в трудностях рождается характер! Она найдет в себе силы начать все сначала. Она обретет новые точки опоры. Она узнает истинную цену словам и поступкам. Она станет сильной, а это совсем не легко!.. Может быть, ее новая жизнь и не будет похожа на цветущий сад, зато уж точно это настоящая жизнь. И мужчина рядом окажется самым настоящим, а не фальшивой картонной подделкой! | ||
| 606 | 1 | |a Русская литература современная |9 50316 | |
| 610 | 1 | |a художественная литература | |
| 610 | 1 | |a романы | |
| 610 | 1 | |a детективы | |
| 610 | 1 | |a женская проза | |
| 675 | |a Р2 |v 4 | ||
| 700 | 1 | |a Устинова |b Т. В. |g Татьяна Витальевна | |
| 801 | 0 | |a RU |b 63413507 |c 20240403 | |
| 942 | |c BK | ||